| 000 | 01315cam a2200325 a 4500 | ||
|---|---|---|---|
| 001 | 4473398 | ||
| 003 | ARRUPE | ||
| 005 | 20140219172023.0 | ||
| 008 | 961101s1997 enk b 001 0 eng | ||
| 010 | _a 96048933 | ||
| 020 | _a052155442X | ||
| 040 |
_aDLC _cDLC _dDLC |
||
| 050 | 0 | 0 |
_aB1499 _b.H47 1997 |
| 082 | 0 | 0 |
_a192 _221 |
| 100 | 1 |
_aHerdt, Jennifer A., _d1967- _98803 |
|
| 245 | 1 | 0 |
_aReligion and faction in Hume's moral philosophy / _cJennifer A. Herdt. |
| 260 |
_aCambridge, U.K. ; _aNew York, NY, USA : _bCambridge University Press, _c1997. |
||
| 300 |
_axv, 300 p. ; _c23 cm. |
||
| 440 | 0 |
_aCambridge studies in religion and critical thought ; _v3 _98804 |
|
| 504 | _aIncludes bibliographical references (p. 283-292) and index. | ||
| 600 | 1 | 0 |
_aHume, David, _d1711-1776. _98805 |
| 600 | 1 | 0 |
_aHume, David, _d1711-1776 _xEthics. _98806 |
| 600 | 1 | 0 |
_aHume, David, _d1711-1776 _xReligion. _98807 |
| 650 | 0 |
_aSympathy. _98808 |
|
| 856 | 4 | 2 |
_3Publisher description _uhttp://www.loc.gov/catdir/description/cam028/96048933.html |
| 856 | 4 | 1 |
_3Table of contents _uhttp://www.loc.gov/catdir/toc/cam024/96048933.html |
| 906 |
_a7 _bcbc _corignew _d1 _eocip _f19 _gy-gencatlg |
||
| 942 |
_2lcc _cMONOGRAPH |
||
| 999 |
_c120113 _d120113 |
||